| 000 | 00680nam a2200217 u 4500 | ||
|---|---|---|---|
| 001 | 000020447 | ||
| 005 | 20240412074249.0 | ||
| 008 | 100813s2016 dr 000 p spa d | ||
| 020 | _a9789945492750 | ||
| 040 |
_aDO-SdBNP _bspa _cBNPHU |
||
| 082 |
_aRD861.5 _bA185v |
||
| 100 | 1 |
_aAcosta, José _922917 |
|
| 245 | 1 | 0 |
_aViaje al día venidero / _cJosé Acosta. |
| 260 |
_aSanto Domingo : _bNacional, _c2016. |
||
| 300 |
_a66 p. ; _c23 cm. |
||
| 586 | _aPremio Nacional de Poesía Salomé Ureña de Henríquez 2015 | ||
| 590 | _aInventariado, 2019 / DG | ||
| 650 | 0 |
_aPoesía dominicana _966 |
|
| 650 | 0 |
_aLiteratura dominicana. _967 |
|
| 910 | _aValidado. Control de calidad MFF | ||
| 999 |
_c19951 _d19951 |
||